Гражданин Очер: уральское наследие

Bibliografiske detaljer
Hovedforfatter: Тынянов Ю. Н. Юрий Николаевич
Andre forfattere: Никитин А. Г. (составитель автор предисловия), Коровин О. Д. (иллюстратор)
Summary:На пер. загл. не указано
В суперобложке.
Sprog:russisk
Udgivet: Пермь, Пермское книжное издательство, 1990
Fag:
Format: MixedMaterials Bog
KOHA link:https://koha.lib.tpu.ru/cgi-bin/koha/opac-detail.pl?biblionumber=245834

MARC

LEADER 00000nam0a2200000 4500
001 245834
005 20231101232146.0
010 |a 5762502058  |b 5000 экз. 
035 |a (RuTPU)RU\TPU\book\267267 
090 |a 245834 
100 |a 20131118d1990 m y0rusy50 ca 
101 0 |a rus 
102 |a RU 
105 |a a z 001ay 
200 1 |a Гражданин Очер  |e уральское наследие  |f Ю. Н. Тынянов  |g сост., вступ. очерк, подгот. текста и коммент. А. Г. Никитина ; худож. О. Д. Коровин 
210 |a Пермь  |c Пермское книжное издательство  |d 1990 
215 |a 164 с.  |c ил.  |d 10 см. 
300 |a На пер. загл. не указано 
300 |a В суперобложке. 
320 |a Комментарии: с. 154-164. 
610 1 |a советская литература 
610 1 |a рассказы 
610 1 |a миниатюрные издания 
686 |a Ч611.68  |v LBC/SL-A  |2 rubbk 
700 1 |a Тынянов  |b Ю. Н.  |c русский писатель  |c литературовед  |f 1894-1943  |g Юрий Николаевич  |2 stltpush  |3 (RuTPU)RU\TPU\pers\17853  |9 6661 
702 1 |a Никитин  |b А. Г.  |4 220  |4 080 
702 1 |a Коровин  |b О. Д.  |4 440 
801 1 |a RU  |b 63413507  |c 20131118 
801 2 |a RU  |b 63413507  |c 20131118  |g RCR 
942 |c BK